Statistiques concernant Pays par image satellite partielle #4

Cliquez ici pour prendre le quiz!

Statistiques générales

  • Ce quiz a été pris 41 fois
  • Le résultat moyen est 12 sur 16

Statistiques - réponses

Réponse% Correct
Grèce
97%
Canada
94%
Australie
91%
Indonésie
91%
Italie
91%
Nouvelle-Zélande
91%
Bangladesh
74%
Bolivie
74%
Kenya
68%
Danemark
65%
Émirats Arabes Unis
65%
Russie
62%
Tunisie
59%
Japon
56%
Djibouti
53%
Iran
53%

Distribution des résultats

Percentile par nombre de réponses

% des personnes avec chaque résultat

Votre développement - résultats

Vous n’avez pas pris ce quiz